[Event "Olympiad Women 2024"]
[Site "Budapest HUN"]
[Date "2024.09.15"]
[Round "5.6"]
[Board "3"]
[White "Maltsevskaya, Aleksandra"]
[Black "Aydin, Gulenay"]
[Result "1-0"]
[WhiteElo "2404"]
[BlackElo "2202"]
[PlyCount "101"]
[EventDate "2024.09.11"]
[WhiteTeam "Poland"]
[BlackTeam "Turkiye"]
[WhiteTeamCountry "POL"]

1. d4 d5 2. Nf3 Nf6 3. Bf4 c5 4. e3 Nc6 5. Nbd2 cxd4 6. exd4 g6 ({RR} 6... Qb6 7. Nb3 Bf5 8. Be2 e6 9. O-O Be7 10. a4 a6 11. a5 Qd8 12. Ne5 Rc8 13. c3 O-O 14. Re1 Ne4 15. Bd3 Nxe5 16. Bxe5 Bg6 17. Bf4 Nd6 18. Bxg6 hxg6 19. Bxd6 Bxd6 20. g3 b5 21. axb6 {1-0 Carlsen,M (2872)-Kramnik,V (2753) Wch Blitz Moscow 2019 (18)}) 7. c3 Bg7 8. Bb5 $146 ({RR} 8. h3 O-O 9. Be2 a6 10. O-O Nh5 11. Bh2 Bh6 12. Re1 Bf4 13. Bf1 Bxh2+ 14. Nxh2 Qd6 15. Ng4 Bxg4 16. hxg4 Nf6 17. g5 {½-½ Mchedlishvili,M (2558)-Rasulov,V (2525) 1st Al-Beruniy Open 2022 (6.3)}) ({RR} 8. Be2 O-O 9. h3 Bf5 10. O-O h6 11. Re1 e6 12. Bh2 g5 13. Ne5 Nxe5 14. Bxe5 Rc8 15. Nf3 Ne4 16. Bxg7 Kxg7 17. Bd3 Rh8 18. Qe2 Qf6 19. Nd2 Nd6 20. Bxf5 Nxf5 21. Nf3 h5 22. Ne5 Nd6 {½-½ Melaa,S (2285)-Mitusov,S (2487) Fagernes GM Open 2024 (9.14)}) ({RR} 8. Be2 O-O 9. O-O Bf5 10. Re1 Re8 11. Bb5 a6 12. Bxc6 bxc6 13. Nb3 Qb6 14. Ne5 a5 15. Qe2 Ne4 16. g4 Be6 17. Nd3 a4 18. Nbc5 a3 19. Nxe4 dxe4 20. Nc5 axb2 21. Rab1 Bd5 22. Rxb2 Qa5 {0-1 Kocu,A (1728)-Camlar,A (2328) TCh-TUR 1st League 2023 (2.16)}) ({RR} 8. h3 O-O 9. Be2 Bf5 10. O-O Rc8 11. Qb3 Qb6 12. Rfe1 Rfd8 13. Bf1 h6 14. Ne5 g5 15. Bh2 e6 16. g4 Bh7 17. Bd3 Nxe5 18. Bxh7+ Nxh7 19. Qxb6 axb6 20. dxe5 d4 21. Ne4 dxc3 22. bxc3 Nf8 {½-½ Narciso Dublan,M (2477)-Nasuta,G (2518) Menorca op 1st 2022 (4)}) 8... Bd7 9. O-O O-O 10. Re1 a6 11. Bxc6 Bxc6 12. Ne5 Rc8 13. h3 Re8 14. Qb3 e6 15. Nxc6 Rxc6 16. a4 b6 17. Be5 Nd7 18. Bxg7 Kxg7 19. Nf3 Qc7 20. Re3 Rb8 21. Ne1 b5 22. axb5 Rxb5 23. Qc2 e5 24. Qe2 e4 25. Rxa6 Rxa6 26. Qxb5 Ra5 27. Qb4 Ra1 28. Qe7 Qc6 29. f3 Nf6 30. Qe5 Qb6 31. fxe4 dxe4 32. Rxe4 Qxb2 33. Rf4 Ra6 34. d5 Qb6+ 35. Kh2 Ra1 36. Nf3 Ra6 37. c4 Qd6 38. Qxd6 Rxd6 39. Ne5 Rd8 40. Rd4 Re8 41. Nd3 Re4 42. Rxe4 Nxe4 43. c5 Kf6 44. g4 Nc3 45. g5+ Kf5 46. d6 Ke6 47. Ne5 Ne4 48. d7 Ke7 49. c6 Nxg5 50. c7 Nf3+ 51. Kg3 1-0

[Event "Olympiad Women 2024"]
[Site "Budapest HUN"]
[Date "2024.09.15"]
[Round "5.7"]
[Board "1"]
[White "Mammadzada, Gunay"]
[Black "Osmak, Yuliia"]
[Result "0-1"]
[WhiteElo "2433"]
[BlackElo "2471"]
[PlyCount "54"]
[EventDate "2024.09.11"]
[WhiteTeam "Azerbaijan"]
[BlackTeam "Ukraine"]
[WhiteTeamCountry "AZE"]
[BlackTeamCountry "UKR"]

1. e4 c5 2. Nf3 d6 3. d4 cxd4 4. Nxd4 Nf6 5. Nc3 a6 6. Be3 e5 7. Nb3 Be7 8. f3 Be6 9. Be2 Nbd7 10. a4 ({RR} 10. Qd2 Rc8 11. O-O-O h5 12. h3 h4 13. Kb1 b5 14. a3 Nb6 15. Bxb6 Qxb6 16. Nd5 Bxd5 17. exd5 Nh5 18. Rhe1 Nf4 19. Bf1 Bg5 20. Qa5 Qb7 21. Nd4 O-O 22. Nf5 Rfd8 23. Ne3 Rc5 24. Qb4 Qa7 {0-1 Nazarevich,V (2329)-Aveskulov,V (2504) Evpatoria tt U20 2006 (3)}) ({RR} 10. Nd5 Nxd5 11. exd5 Bf5 12. O-O O-O 13. c4 Bg5 14. Bf2 Re8 15. c5 dxc5 16. Nxc5 Nxc5 17. Bxc5 Rc8 18. Ba3 Bc2 19. Qe1 Qxd5 20. Kh1 Bf5 21. Qg3 Bf4 22. Qe1 Rc2 23. Qd1 Rd2 24. Qe1 h6 {0-1 Mehta Charvi (1142)-Preobrazhenskaya,D (1937) Swiss Queens Wed #1 2024 (6.203)}) 10... Nb6 11. O-O d5 $146 ({RR} 11... Nc4 12. Bxc4 Bxc4 13. Re1 O-O 14. Nd2 Be6 15. a5 Rc8 16. Na4 Rc6 17. Nb6 d5 18. exd5 Nxd5 19. Nxd5 Qxd5 20. c4 Qd3 21. b3 Rd8 22. Ne4 Bb4 23. Qxd3 Rxd3 24. Rad1 Rxd1 25. Rxd1 Bxa5 26. Nd6 {0-1 Baeta,M (2114)-Cunha,E (2222) Rio de Janeiro State-ch 2012 (2)}) 12. exd5 Nbxd5 13. Nxd5 Nxd5 14. Bf2 Qc7 15. Qd2 Rc8 16. c3 Rd8 17. Qc2 O-O 18. Nc1 Nf4 19. Re1 Bg5 20. Nb3 Qc8 21. Nc5 Rd2 22. Qe4 Bd5 23. Qxe5 f6 24. Qe7 Re8 25. Qxe8+ Qxe8 26. Bb5 Qh5 27. Re8+ Kf7 0-1

[Event "Olympiad Women 2024"]
[Site "Budapest HUN"]
[Date "2024.09.15"]
[Round "5.7"]
[Board "2"]
[White "Ushenina, Anna"]
[Black "Fataliyeva, Ulviyya"]
[Result "1/2-1/2"]
[WhiteElo "2417"]
[BlackElo "2378"]
[PlyCount "158"]
[EventDate "2024.09.11"]
[WhiteTeam "Ukraine"]
[BlackTeam "Azerbaijan"]
[WhiteTeamCountry "UKR"]
[BlackTeamCountry "AZE"]

1. Nf3 d5 2. e3 Nf6 3. c4 e6 4. b3 Be7 5. Bb2 O-O 6. Be2 b6 7. cxd5 exd5 8. O-O c5 9. d4 Nc6 10. Nc3 Bb7 11. Rc1 Rc8 12. dxc5 bxc5 13. Na4 Ne4 14. Nd2 Nb4 ({RR} 14... Nb8 15. Nxe4 dxe4 16. Qxd8 Rfxd8 17. Rfd1 Na6 18. Bg4 Rb8 19. Be5 Ra8 20. Bc3 Rxd1+ 21. Rxd1 Rd8 22. Rxd8+ Bxd8 23. Nb2 Be7 24. Be2 Nc7 25. Na4 Bc6 26. Be5 Nd5 27. Bc4 Nb4 28. Nc3 Kf8 29. a3 {½-½ Boda Gyaneshwar (1943)-Marabajan Navas,S (2079) 48th Sitges Open 2024 (8.33)}) 15. a3 Na6 16. Nxe4 dxe4 17. Rc2 $146 ({RR} 17. Qc2 Qd5 18. Rfd1 Qf5 19. Bc4 Nc7 20. Nc3 Rfd8 21. Ne2 h5 22. Ng3 Qg6 23. Qe2 h4 24. Nh5 Ne8 25. h3 Qf5 26. Nf4 Rd6 27. Rxd6 Nxd6 28. Ba6 Rc6 29. Bxb7 Nxb7 30. Rd1 Rd6 31. Rxd6 Bxd6 {½-½ Votruba,P (2340)-Prymula,R (2225) CZE-chT2 9697 1996}) ({RR} 17. Qc2 Qc7 18. Rfd1 f5 19. Bc4+ Kh8 20. Qe2 Nb8 21. Be6 Rce8 22. Qh5 Bf6 23. Rxc5 Qe7 24. Bxf6 Qxf6 25. Rc7 Qxe6 26. Rxb7 f4 27. Nc5 Qc6 28. exf4 Rxf4 29. Rc7 Qg6 30. Qxg6 hxg6 31. Rxa7 e3 {1-0 Biermann,K-Braslavsky,V Ruhrgebiet VK2 9697 1996}) ({RR} 17. Bc4 Qxd1 18. Rfxd1 Rfd8 19. Bc3 Nb8 20. Kf1 Bc6 21. Ba5 Rxd1+ 22. Rxd1 Bxa4 23. bxa4 Nc6 24. Ba6 Rf8 25. Bc7 Nb8 26. Bb5 Rc8 27. Bxb8 Rxb8 28. Rd7 Kf8 29. Rxa7 f5 30. Ke2 c4 31. Bxc4 Rb2+ {1-0 Tolonen,L (2330)-Nokso Koivisto,A (2215) Turku We TSY op 1997 (3)}) 17... Qxd1 18. Rxd1 Nb8 19. Be5 c4 20. b4 Bc6 21. Nb2 Nd7 22. Bd4 a5 23. Rxc4 axb4 24. axb4 Bd5 25. Rxc8 Rxc8 26. Bg4 Rc7 27. Bxd7 Rxd7 28. Bc5 Bf6 29. Nc4 Rd8 30. Na5 h6 31. g3 Ba8 32. Rxd8+ Bxd8 33. Nb3 Bd5 34. Nd4 Bf6 35. Nf5 Bc6 36. Bd4 Bd7 37. Nxh6+ gxh6 38. Bxf6 Kh7 39. Kf1 Kg6 40. Bh8 Kg5 41. Ke2 Kf5 42. Kd2 Ke6 43. g4 Kd5 44. Bg7 Kc4 45. Bxh6 Kxb4 46. h3 Kc5 47. Ke1 Bb5 48. f4 exf3 49. Kf2 Bc6 50. Bf8+ Kc4 51. h4 Be4 52. h5 Kd5 53. Kg3 Kc4 54. Kf2 Kd3 55. Be7 Kc2 56. Bd8 Kd3 57. Bb6 Kc2 58. Bc7 Kd3 59. Bg3 Kd2 60. Bf4 Kd3 61. Bd6 Kc2 62. Bb4 Kd3 63. Ba5 Kc2 64. Be1 Kd3 65. g5 Kc2 66. Ba5 Kd3 67. Bd8 Kc2 68. g6 fxg6 69. h6 g5 70. Bxg5 Kd3 71. Bf4 Kc4 72. Bg3 Kd5 73. Bh4 Ke6 74. Kg3 Kf7 75. Kf4 Bb7 76. Kf5 Kg8 77. e4 Bxe4+ 78. Kxe4 Kh7 79. Kxf3 Kxh6 1/2-1/2

[Event "Olympiad Women 2024"]
[Site "Budapest HUN"]
[Date "2024.09.15"]
[Round "5.7"]
[Board "4"]
[White "Gaponenko, Inna"]
[Black "Balajayeva, Khanim"]
[Result "1/2-1/2"]
[WhiteElo "2324"]
[BlackElo "2384"]
[PlyCount "92"]
[EventDate "2024.09.11"]
[WhiteTeam "Ukraine"]
[BlackTeam "Azerbaijan"]
[WhiteTeamCountry "UKR"]
[BlackTeamCountry "AZE"]

1. e4 e5 2. Nf3 Nc6 3. d4 exd4 4. Bc4 Nf6 5. e5 d5 6. Bb5 Ne4 7. Nxd4 Bc5 8. Be3 O-O 9. Nxc6 bxc6 10. Bxc5 Nxc5 11. Bxc6 Rb8 12. Qxd5 Qe7 13. O-O Rxb2 14. Nc3 Rxc2 15. Qd4 Ne6 16. Qd3 ({RR} 16. Qe3 Qc5 17. Qxc5 Nxc5 18. Rfc1 Rxc1+ 19. Rxc1 Nd3 20. Rb1 Nxe5 21. Be4 Be6 22. Rb7 f5 23. Bc2 Rd8 24. f4 Ng4 25. Rxc7 Rd2 26. Bd1 Ne3 27. Bf3 Rc2 28. Re7 Rxc3 29. Rxe6 a5 30. h3 Kf7 {1-0 Van Foreest,J (2697)-Matlakov,M (2677) Titled Tue 29th Aug Early 2023 (10)}) 16... Rb2 17. Qe3 ({RR} 17. Nd5 Qg5 18. g3 Qxe5 19. Rae1 Qd6 20. Qc3 Rxa2 21. Rd1 Qc5 22. Qe5 f6 23. Qe4 Ng5 24. Qg2 Bh3 25. Qh1 Bxf1 26. Rxf1 Kh8 27. h4 Qxc6 28. hxg5 fxg5 {0-1 Schut,H (2091)-Kotlyar,K (2390) Titled Tue 23rd Jan Early 2024 (2)}) ({RR} 17. Nd5 Qc5 18. Rac1 Qd4 19. Qf5 Qh4 20. g3 Nd4 21. Qd3 Qg4 22. Rc4 Nf3+ 23. Kh1 Nxe5 24. Nf6+ gxf6 25. Rxg4+ Bxg4 26. Qa3 Rfb8 27. Bg2 Be2 28. Rg1 Ng4 29. Qxa7 Bc4 30. h3 Nxf2+ 31. Kh2 Bxa2 {½-½ Priyanka,N (2322)-Balajayeva,K (2404) TCh-TUR Super League 2024 (11.35)}) 17... Rd8 $146 ({RR} 17... Qa3 18. Rfe1 Bb7 19. Bxb7 Rxb7 20. Rad1 c5 21. Rd3 Qa5 22. f4 Nd4 23. Qe4 Rd7 24. f5 Rfd8 25. Rh3 h6 26. Rg3 Qb6 27. f6 Ne6 28. Rxg7+ {1-0 Vandenbussche,T (2419)-Suvorov,L (2302) Dutch League 2022-23 (5.8)}) ({RR} 17... Bd7 18. Be4 Rfb8 19. Rfd1 Be8 20. Nd5 Qf8 21. Qg3 Kh8 22. Qh4 h6 23. Ne3 R8b4 24. Nd5 Ra4 25. f3 Bc6 26. Qg3 Rd4 27. Rdc1 Bxd5 28. Bxd5 Rxd5 29. f4 Nd4 30. Qd3 Ne2+ {0-1 Schut,H (2101)-Ohanyan,E (2291) Titled Tuesday intern op 19th May blitz 2020 (10)}) ({RR} 17... Qc5 18. Nd5 Ba6 19. Qxc5 Nxc5 20. Rfb1 Rfb8 21. Rxb2 Rxb2 22. Nxc7 Bd3 23. h4 Bb1 24. a4 Nb3 25. Ra3 Nd4 26. Bd5 Kf8 27. Re3 Rc2 28. Nb5 Nf5 29. Re1 Rb2 30. Nxa7 Nd4 31. a5 Ba2 32. Be4 {1-0 Bulmaga,I (2423)-Beydullayeva,G (2383) FIDE Grand Swiss Women 2023 (5.9)}) 18. Nd5 Qh4 19. g3 Qd4 20. Ne7+ Kh8 21. Nxc8 Rxc8 22. Rad1 Qxe3 23. fxe3 Rd8 24. Rxd8+ Nxd8 25. e6 Nxe6 26. Rxf7 g6 27. Bd5 Rb1+ 28. Kf2 Rb2+ 29. Ke1 Nc5 30. Rxc7 Nd3+ 31. Kf1 a5 32. h4 Nb4 33. e4 Nxd5 34. exd5 Rd2 35. Rc5 Rxa2 36. Ke1 Kg7 37. d6 Kf7 38. Rc7+ Ke6 39. Rxh7 Kxd6 40. Rg7 Ke5 41. Rxg6 a4 42. h5 a3 43. Ra6 Kf5 44. h6 Kg4 45. h7 Rh2 46. Rxa3 Rxh7 1/2-1/2

[Event "Olympiad Women 2024"]
[Site "Budapest HUN"]
[Date "2024.09.15"]
[Round "5.8"]
[Board "2"]
[White "Agrest, Inna"]
[Black "Paehtz, Elisabeth"]
[Result "0-1"]
[WhiteElo "2197"]
[BlackElo "2455"]
[PlyCount "72"]
[EventDate "2024.09.11"]
[WhiteTeam "Sweden"]
[BlackTeam "Germany"]
[WhiteTeamCountry "SWE"]
[BlackTeamCountry "GER"]

1. e4 c6 2. d4 d5 3. e5 Bf5 4. h4 Qc7 5. Nc3 h6 ({RR} 5... a6 6. Be3 h6 7. g4 Bd7 8. f4 h5 9. gxh5 Nh6 10. Bh3 Bxh3 11. Nxh3 e6 12. Qf3 c5 13. dxc5 Nf5 14. O-O-O Nd7 15. Kb1 Nxc5 16. Ng5 O-O-O 17. Bf2 Kb8 18. Qe2 Rc8 19. Rh3 b5 20. a3 {½-½ Safarli,E (2657)-Dreev,A (2644) Wch Blitz 9th 2015 (12)}) ({RR} 5... h5 6. Bd3 Bxd3 7. Qxd3 e6 8. Nf3 Nd7 9. O-O Ne7 10. Bg5 a6 11. Ne2 c5 12. c4 dxc4 13. Qxc4 b5 14. Qc2 Nd5 15. Rac1 c4 16. a3 N7b6 17. Ng3 f5 18. exf6 gxf6 19. Bd2 Qh7 20. Ne4 {1-0 Ivic,V (2582)-Goldbeck,L (2317) GRENKE Chess Open 2024 (3.18)}) 6. Bd3 Bxd3 7. cxd3 $146 ({RR} 7. Qxd3 e6 8. Nce2 c5 9. c3 Nc6 10. Nf3 cxd4 11. cxd4 Nb4 12. Qb5+ Qc6 13. Qxc6+ Nxc6 14. Bd2 Bb4 15. Rc1 Bxd2+ 16. Kxd2 Nge7 17. g4 h5 18. gxh5 Rxh5 19. Ng3 Rh6 20. h5 Kd7 21. Rcg1 Rc8 {1-0 Suvorov,L (2301)-Bruedigam,M (2381) Titled Tue 2nd May Late 2023 (10)}) 7... e6 8. Nf3 h5 9. O-O Nd7 10. a3 Ne7 11. b4 Nf5 12. Ne2 Be7 13. Ng3 Nxh4 14. Nxh4 Bxh4 15. Nxh5 O-O-O 16. g3 Be7 17. Kg2 Rh7 18. Rh1 Rdh8 19. g4 g6 20. Ng3 Rxh1 21. Nxh1 f6 22. f4 Qb6 23. Qe2 Qxd4 24. Ra2 fxe5 25. Rc2 Qb6 26. fxe5 Qd4 27. Nf2 Rh4 28. Qe3 Qxe3 29. Bxe3 Nxe5 30. Bxa7 Nxg4 31. Re2 Kd7 32. Nh3 Nh6 33. Bf2 Rh5 34. Nf4 Rg5+ 35. Kf3 Rf5 36. Bg3 g5 0-1

[Event "Olympiad Women 2024"]
[Site "Budapest HUN"]
[Date "2024.09.15"]
[Round "5.8"]
[Board "3"]
[White "Heinemann, Josefine"]
[Black "Cramling Bellon, Anna"]
[Result "1-0"]
[WhiteElo "2316"]
[BlackElo "2066"]
[PlyCount "47"]
[EventDate "2024.09.11"]
[WhiteTeam "Germany"]
[BlackTeam "Sweden"]
[WhiteTeamCountry "GER"]
[BlackTeamCountry "SWE"]

1. e4 c5 2. Nf3 e6 3. d4 cxd4 4. Nxd4 Nf6 5. Nc3 Nc6 6. Nxc6 bxc6 7. e5 Nd5 8. Ne4 Qc7 9. f4 Qb6 10. a3 a5 11. c4 Ne3 12. Qd3 Nxf1 ({RR} 12... Nf5 13. g4 Nd4 14. Bd2 c5 15. Bc3 Bb7 16. Bg2 d5 17. exd6 f5 18. gxf5 exf5 19. Nxc5 Bxg2 20. Bxd4 Qxd6 21. Rg1 Bc6 22. O-O-O Qxf4+ 23. Be3 Qe5 24. Bd4 Qf4+ 25. Rd2 Bxc5 26. Bxc5 Kf7 27. Rf1 {½-½ Adharsh K (2077)-Yilmaz,B (2280) 17th Paracin Open A 2024 (2.45)}) 13. Rxf1 a4 $146 ({RR} 13... Ba6 14. b3 Rb8 15. Rb1 Be7 16. g4 O-O 17. g5 Rfd8 18. Ke2 c5 19. Rg1 Qc6 20. Nf6+ Bxf6 21. gxf6 g6 22. Bd2 d5 23. Qh3 dxc4 24. Qh6 c3+ 25. Kf2 Rxd2+ 26. Kg3 Rd3+ 27. Kh4 Rh3+ 28. Kxh3 {1-0 Kruckenhauser,A (2307)-Dreev,A (2623) Titled Tuesday intern op 24th May Late blitz 2022 (6)}) ({RR} 13... Ba6 14. Rf2 Be7 15. Be3 c5 16. O-O-O O-O 17. Nc3 Rad8 18. f5 f6 19. exf6 Bxf6 20. Ne4 exf5 21. Qd5+ Qe6 22. Nxf6+ gxf6 23. Rxf5 Bxc4 24. Qxe6+ dxe6 25. Rxd8 Rxd8 26. Rxf6 Bb3 27. Rf1 a4 28. Bh6 {0-1 Paravyan,D (2617)-Caruana,F (2786) Chess.com Rapid Wk16 Swiss 2022 (6)}) ({RR} 13... Ba6 14. b3 Be7 15. Be3 c5 16. Rf3 f5 17. exf6 gxf6 18. f5 d5 19. fxe6 O-O-O 20. Nxf6 dxc4 21. Nd5 Qxe6 22. bxc4 Bg5 23. O-O-O Qe5 24. Bxg5 Qxg5+ 25. Rd2 Qe5 26. Qf5+ Qxf5 27. Rxf5 Rhf8 28. Ne7+ {1-0 Kamalidenova,M (2373)-Mikhnenko,A (2115) Lozovatsky Mem A 2023 (8.70)}) 14. Be3 Qxb2 15. Rb1 Qxa3 16. Qe2 Ba6 17. Bc1 Qe7 18. Nd6+ Kd8 19. Qb2 Qh4+ 20. g3 Bxd6 21. gxh4 Bc5 22. Qc2 a3 23. Rf3 Kc7 24. Bxa3 1-0

[Event "Olympiad Women 2024"]
[Site "Budapest HUN"]
[Date "2024.09.15"]
[Round "5.8"]
[Board "4"]
[White "Valcu, Lavinia"]
[Black "Schulze, Lara"]
[Result "0-1"]
[WhiteElo "2076"]
[BlackElo "2283"]
[PlyCount "44"]
[EventDate "2024.09.11"]
[WhiteTeam "Sweden"]
[BlackTeam "Germany"]
[WhiteTeamCountry "SWE"]
[BlackTeamCountry "GER"]

1. d4 Nf6 2. Bg5 d5 3. Nd2 c5 4. dxc5 Nbd7 ({RR} 4... e6 5. e4 h6 6. Bh4 dxe4 7. Nxe4 Qa5+ 8. Nd2 Qxc5 9. Ngf3 Nbd7 10. Bd3 b6 11. Qe2 Bb7 12. O-O-O Be7 13. Kb1 Rc8 14. Rhe1 O-O 15. g4 Rfd8 16. g5 hxg5 17. Bxg5 Nd5 18. Rg1 Bxg5 19. Rxg5 {0-1 Karjakin,S (2752)-Aronian,L (2781) Skilling op Prelim rapid 2020 (14)}) 5. c4 ({RR} 5. b4 a5 6. a3 e6 7. e3 h6 8. Bh4 b6 9. c6 Ne5 10. b5 Bc5 11. Ngf3 Ng6 12. Bg3 Qe7 13. a4 e5 14. Be2 O-O 15. O-O Bf5 16. c4 d4 17. exd4 exd4 18. Nb3 d3 19. Bxd3 Rfd8 {1-0 Timerkhanov,A (2311)-Xu,Y (2495) Titled Tue 16th Apr Early 2024 (6)}) 5... Nxc5 6. Bxf6 exf6 7. b4 $146 ({RR} 7. cxd5 Qxd5 8. e4 Nd3+ 9. Bxd3 Qxd3 10. Qe2 Qxe2+ 11. Nxe2 Bd7 12. Rc1 Rd8 13. Nc3 Bc6 14. Nc4 b6 15. a3 g6 16. O-O Bh6 17. Rcd1 O-O 18. g3 Rfe8 19. Nd6 Rf8 20. f4 Rd7 21. Ndb5 Rfd8 {1-0 Szabo,L (2185)-Dudas,E (2215) HUN-chT 1011 2010 (6)}) 7... Ne6 8. e3 Be7 9. Ngf3 O-O 10. Qb3 d4 11. e4 a5 12. b5 f5 13. Bd3 Nc5 14. Qc2 fxe4 15. Nxe4 Nxd3+ 16. Qxd3 Bb4+ 17. Nfd2 Bf5 18. O-O-O Rc8 19. Kb1 Qe7 20. f3 Bc3 21. Qc2 Qb4+ 22. Nb3 Bxe4 0-1

[Event "Olympiad Women 2024"]
[Site "Budapest HUN"]
[Date "2024.09.15"]
[Round "5.9"]
[Board "1"]
[White "Dolgova, Olga"]
[Black "Khademalsharieh, Sarasadat"]
[Result "0-1"]
[WhiteElo "2171"]
[BlackElo "2468"]
[PlyCount "80"]
[EventDate "2024.09.11"]
[WhiteTeam "Norway"]
[BlackTeam "Spain"]
[WhiteTeamCountry "NOR"]
[BlackTeamCountry "ESP"]

1. d4 {Meier,Georg} Nf6 2. Bf4 d5 3. e3 e6 4. Nf3 c5 5. Nbd2 Nc6 6. c3 cxd4 ({RR} 6... Bd6 7. Bg3 O-O 8. Bd3 b6 9. Qe2 Bb7 10. Rd1 Re8 11. e4 Be7 12. e5 Nh5 13. a3 g6 14. Nf1 f5 15. exf6 Bxf6 16. Ne3 e5 17. dxe5 Nxe5 18. Nxe5 Nxg3 19. hxg3 Rxe5 20. Bc4 b5 21. Bxb5) 7. Nxd4 ({RR} 7. exd4 Nh5 8. Bg5 f6 9. Be3 Bd6 10. g3 O-O 11. Bg2 f5 12. Ne5 ({RR} 12. Ng5 Qe8 13. f4) 12... f4 13. Qxh5 fxe3 14. fxe3 Nxe5 ({RR} 14... Bxe5 15. dxe5 Bd7 16. Qe2 Nxe5 17. Nf3 Nxf3+ 18. Bxf3 Qa5 19. a4 b5) 15. dxe5 Bc5 16. Rf1 Bxe3 17. Rxf8+ Qxf8 18. Qf3 Qxf3 19. Nxf3 Bd7 20. Rd1 Rf8 ({RR} 20... Bb6 21. c4 Rc8 22. cxd5 Rc2) 21. c4 ({RR} 21. Ke2 Bb6 22. c4 Rf7 ({RR} 22... Kf7 23. Nd4 dxc4 24. Rf1+ Ke7 25. Rxf8 Kxf8 26. Ke3 Bc7 27. Bxb7 Bxe5 28. Ba6) 23. cxd5 Bb5+ 24. Ke1 exd5 25. Rxd5 Bc4 26. Nd2 Bxa2 27. b3) 21... Bc6 {½-½ Giri,A (2771)-So,W (2794) London Classic 8th 2016 (4)} {RR} 22. Ke2 Bb6 23. Nd4 Bxd4 24. Rxd4 Rf5 25. cxd5 Rxe5+ 26. Kd3 exd5 27. Rf4 Re1 28. Rf2) 7... Be7 $146 ({RR} 7... Nxd4 8. cxd4 Qb6 9. Rb1 Bd6 10. Bxd6 Qxd6 11. Bb5+ Bd7 12. Qa4 O-O 13. O-O Rfd8 14. h3 a6 15. Bxd7 Nxd7 16. Rfc1 Nb6 17. Qa5 h6 18. Rc3 Nd7 19. Rbc1 b6 20. Qa4 b5 21. Qa5 e5 22. Rc6 {1-0 Tordai,L (1605)-Zaruba,P Plzen op-B U18 1998 (3)}) ({RR} 7... Bd6 8. Bxd6 Qxd6 9. Be2 e5 10. Nc2 Bf5 11. O-O O-O 12. Nf3 Rfd8 13. Nh4 Bxc2 14. Qxc2 Rac8 15. Rad1 Qe6 16. Qa4 e4 17. g3 Ne5 18. f4 exf3 19. Bxf3 Nxf3+ 20. Rxf3 Rc4 21. Qc2 Re4 22. Ng2 {0-1 Suarez Paz,A (1828)-Pereira Gonzalez,M (1595) Collado Villalba op 39th 2022 (8)}) ({RR} 7... Bd6 8. N2f3 O-O 9. Bg3 Qe7 10. Bd3 e5 11. Nf5 Bxf5 12. Bxf5 Rad8 13. O-O e4 14. Nd4 Bxg3 15. hxg3 Ne5 16. Qe2 h5 17. Bh3 g6 18. Rad1 Rfe8 19. Rd2 Nh7 20. f4 {½-½ Larino Nieto,D (2454)-Del Rey,D (2363) Elgoibar 30th 2021 (2)}) 8. Bd3 O-O 9. O-O Nd7 10. Bg3 e5 11. Nf5 Bf6 12. Bc2 Nb6 13. e4 Bxf5 14. exf5 e4 15. Bf4 Re8 16. Qh5 Rc8 17. Rae1 Ne5 18. f3 Nd3 19. Bxd3 exd3 20. g4 g6 21. fxg6 hxg6 22. Qh3 Nc4 23. Nxc4 dxc4 24. Qg2 b5 25. Qd2 Qd5 26. Kg2 b4 27. Rxe8+ Rxe8 28. Re1 Rc8 29. Rc1 Qa5 30. Bd6 Bg5 31. f4 Qd5+ 32. Kg1 Bd8 33. Be5 Bb6+ 34. Bd4 bxc3 35. bxc3 Bxd4+ 36. cxd4 Qxd4+ 37. Qf2 Qxf2+ 38. Kxf2 d2 39. Ra1 Re8 40. Rd1 c3 0-1

[Event "Olympiad Women 2024"]
[Site "Budapest HUN"]
[Date "2024.09.15"]
[Round "5.9"]
[Board "4"]
[White "Calzetta Ruiz, Monica"]
[Black "Machlik, Monika"]
[Result "1/2-1/2"]
[WhiteElo "2199"]
[BlackElo "2109"]
[PlyCount "136"]
[EventDate "2024.09.11"]
[WhiteTeam "Spain"]
[BlackTeam "Norway"]
[WhiteTeamCountry "ESP"]
[BlackTeamCountry "NOR"]

1. e4 c6 2. d4 d5 3. e5 c5 4. dxc5 e6 5. Be3 Nd7 6. Bb5 Ne7 7. Nf3 Nf5 8. Bd4 Qa5+ 9. Nc3 a6 10. Bxd7+ Bxd7 11. O-O Bxc5 $146 ({RR} 11... Be7 12. Ne2 Nxd4 13. Nfxd4 Qxc5 14. c3 Bb5 15. Nxb5 Qxb5 16. Qd2 Rc8 17. Nd4 Qb6 18. Rad1 h5 19. Qe2 g6 20. Rd3 Qc7 21. Re1 Qc4 22. a3 Kf8 23. h3 Kg7 24. Qd2 h4 25. Rf3 Rh5 26. Qf4 {0-1 Wallner,J (2361)-Dizdarevic,E (2503) EU-chT Seniors 2014 (3.4)}) ({RR} 11... Nxd4 12. Nxd4 Qxc5 13. Qg4 Qb6 14. Rad1 h5 15. Qf3 Bc5 16. Nb3 Be7 17. Rd4 g5 18. Rfd1 Bc6 19. R4d3 g4 20. Qf4 Rg8 21. Qh6 O-O-O 22. Qxh5 Rdf8 23. Nd4 Rg6 24. b3 Qd8 25. Nxe6 Rxe6 26. Nxd5 {½-½ Petenyi,T (2428)-Cheparinov,I (2681) EU-ch 16th Jerusalem 2015 (1)}) ({RR} 11... Nxd4 12. Qxd4 Bxc5 13. Qf4 Qb4 14. Qd2 Rc8 15. a3 Qb6 16. Rfd1 O-O 17. Rab1 f6 18. Rf1 Qc7 19. Rbe1 Bxa3 20. exf6 Rxf6 21. Ne5 Bxb2 22. Nxd7 Rh6 23. Qxh6 gxh6 24. Nd1 Bg7 {0-1 Rodriguez Avila,A (2142)-Liu,Z (2325) 50th La Roda Open 2024 (3.14)}) ({RR} 11... Nxd4 12. Qxd4 Bxc5 13. Qg4 O-O 14. a3 Qc7 15. Rad1 Bxa3 16. Ne2 Bxb2 17. c3 Bb5 18. Nfd4 Bxe2 19. Nxe2 Qxe5 20. Rd3 Rac8 21. Re3 Qf6 22. Qb4 Bxc3 23. Nxc3 Rc4 24. Qb3 b5 25. Ne2 b4 26. h3 {0-1 Mikluc,D (2137)-Cheparinov,I (2709) EU-ch blitz Skopje 2018 (1)}) 12. Bxc5 Qxc5 13. Ne2 Bb5 14. Re1 Bxe2 15. Rxe2 O-O 16. a4 b5 17. Ra3 b4 18. Rd3 Rfc8 19. g4 Ne7 20. Rd4 Nc6 21. Rf4 Rf8 22. Qd3 Qe7 23. g5 Qd8 24. Rh4 g6 25. Qd2 a5 26. Qf4 Ne7 27. Nd4 h5 28. gxh6 Nf5 29. Nxf5 exf5 30. h7+ Kh8 31. e6 Qf6 32. e7 Rfe8 33. Qe5 Qxe5 34. Rxe5 Ra7 35. Rxd5 Raxe7 36. Rxa5 Re1+ 37. Kg2 R1e2 38. Rc5 b3 39. cxb3 Rxb2 40. b4 g5 41. Rhc4 Kxh7 42. Rxf5 Kg6 43. Rf3 f5 44. Rc6+ Kh5 45. Rxf5 Rxb4 46. a5 Ra4 47. h3 Rh8 48. a6 Rh6 49. Rff6 Rh7 50. Rb6 g4 51. Rb7 gxh3+ 52. Kxh3 Rxb7 53. axb7 Rb4 54. Rf7 Kg6 55. Rc7 Kf5 56. Kg3 Rb3+ 57. f3 Rb2 58. Rh7 Kg6 59. Rc7 Kf5 60. Kh3 Kg5 61. Kg3 Kf5 62. f4 Rb3+ 63. Kg2 Kxf4 64. Kf2 Ke5 65. Ke2 Kd6 66. Rh7 Kc6 67. Kd2 Rxb7 68. Rxb7 Kxb7 1/2-1/2